Juan Díaz Romero : ministro de la Suprema Corte de Justicia de la Nación /

Guardado en:
Detalles Bibliográficos
Autor principal: Díaz Romero, Juan (autor)
Otros autores: Azuela Güitrón, Mariano (presentación) (presentación), Luna Ramos, Margarita Beatriz (presentación) (presentación), Sánchez Cordero de García Villegas, Olga (presentación) (presentación)
Formato: Libro
Idioma:Español
Publicado: México : Suprema Corte de Justicia de la Nación, 2006, c2006
Colección:(Conferencias de los Ministros de la Suprema Corte de Justicia de la Nación. DR)
Temas:
Etiquetas: Agrega una etiqueta
Sin etiquetas, Sé el primero en etiquetar este registro!

MARC

LEADER 00000nam^a2200000^a^4500
001 000262474
005 20250623000000.0
009 20260310110543.684
020 |a 970-712-711-2 
025 |a Donación Suprema Corte de Justicia de la Nación, 1 ejemplar 
037 |a Acervo ITESO - Biblioteca 
041 |a ESP 
082 |a 347. 72  |b MEX CON DR 2006 
100 |a Díaz Romero, Juan  |e (autor) 
245 1 0 |a Juan Díaz Romero :  |b ministro de la Suprema Corte de Justicia de la Nación /  |c J. Díaz Romero ; presen. de M. Azuela Güitrón, M.B. Luna Ramos, O. Sánchez Cordero de García Villegas. 
264 4 |a México :  |b Suprema Corte de Justicia de la Nación,  |c 2006, c2006 
300 |a 117 p. 
336 |a texto  |b txt  |2 rdacontenido 
337 |a sin mediación  |b n  |2 rdamedio 
338 |a volumen  |b nc  |2 rdasoporte 
440 1 |a (Conferencias de los Ministros de la Suprema Corte de Justicia de la Nación.  |p DR) 
649 |a XX 
650 |a Burocracia -  |z México 
650 |a Tribunales -  |z México 
650 |a Justicia -  |x Administración -  |z México 
650 |a Reforma Jurídica -  |z México 
650 |a Estado de Derecho -  |z México 
650 |a Suprema Corte de Justicia de la Nación -  |z México 
650 |a Poder Judicial -  |z México 
650 |a Derecho Municipal -  |z México 
650 |a Derecho Laboral -  |z México 
650 |a Derecho Administrativo -  |z México 
650 |a Derecho Federal -  |z México 
650 |a Derecho Público -  |z México -  |x Tema Principal 
700 |a Azuela Güitrón, Mariano  |e (presentación) 
700 |a Luna Ramos, Margarita Beatriz  |e (presentación) 
700 |a Sánchez Cordero de García Villegas, Olga  |e (presentación) 
910 |a Fondo General 
920 |a Impresos - Libros 
930 |a Colección General 
905 |a 101 
901 |a 0500143368  |b IT1  |c ACC  |d DT  |i D  |u 20250623 
902 |a https://opac.biblio.iteso.mx/vufind/Record/000262474